000 00471nam a2200181Ia 4500
001 992
005 20260306140559.0
008 260306t1942||||xx |||||||||||||| ||spa||
041 _aESP
082 _a176.546
_bZ915
100 _aZalba, Marcelino
_eAUT
245 0 _aLa prostitución ante la moral y el derecho:
_bpolítica del nuevo estado Español
260 _c1942
300 _a91 páginas :
_c21 cm.
650 _aGEN
654 _aCHU
942 _cLIB
_dJUS
_fJUS
_2ddc
_n
999 _c992
_d992